Noli me tangere (Record no. 13726)
[ view plain ]
| 000 -LEADER | |
|---|---|
| fixed length control field | 00640nam a2200193 4500 |
| 020 ## - ISBN | |
| ISBN | 9786214200610 |
| 082 ## - DEWEY DECIMAL CLASSIFICATION NUMBER | |
| Classification number | Fil 899.211 R528 2016 |
| 100 ## - MAIN ENTRY--PERSONAL NAME | |
| Personal name | Rizal, Jose P. |
| 245 ## - TITLE STATEMENT | |
| Title | Noli me tangere |
| Remainder of title | : a novel / |
| Statement of responsibility, etc. | by Jose P. Rizal ; written by Leo Miranda and D. G. Dumaraos ; illustration by Leonardo Giron. |
| 260 ## - PUBLICATION, DISTRIBUTION, ETC. (IMPRINT) | |
| Place of publication, distribution, etc. | Mandaluyong City : |
| Name of publisher, distributor, etc. | Anvil Publishing, Inc., |
| Date of publication, distribution, etc. | c2016. |
| 300 ## - PHYSICAL DESCRIPTION | |
| Extent/Page number | 50 p. |
| 526 ## - STUDY PROGRAM INFORMATION NOTE | |
| PROGRAM TYPE | FILIPINIANA |
| 650 ## - SUBJECT ADDED ENTRY--TOPICAL TERM | |
| Topical term or geographic name as entry element | Rizal, Jose P., 1861-1896. |
| 650 ## - SUBJECT ADDED ENTRY--TOPICAL TERM | |
| Topical term or geographic name as entry element | Noli Me Tangere -- Comic books, strips, etc. |
| 700 ## - ADDED ENTRY--PERSONAL NAME/OTHER AUTHORS | |
| Personal name | Miranda, Leo. |
| 700 ## - ADDED ENTRY--PERSONAL NAME/OTHER AUTHORS | |
| Personal name | Dumaraos, D. G. |
| 700 ## - ADDED ENTRY--PERSONAL NAME/OTHER AUTHORS | |
| Personal name | Giron, Leonardo. |
| 942 ## - ADDED ENTRY ELEMENTS | |
| Classification | |
| Item type | Book |
| Withdrawn status | Lost status | Source of classification or shelving scheme | Damaged status | Not for loan | Collection code | Permanent Location | Current Location | Shelving location | Date acquired | Source of acquisition | Cost, normal purchase price | Inventory number | Total Checkouts | Full call number | Barcode | Checked out | Date last seen | Date last checked out | Copy number | Cost, replacement price | Price effective from | Item type |
|---|---|---|---|---|---|---|---|---|---|---|---|---|---|---|---|---|---|---|---|---|---|---|
| Filipiniana | High School Library | High School Library | Filipiniana | 2025-10-15 | Library Budget | 100.00 | 8215 | 1 | Fil 899.211 R528 2016 | HS8215 | 2026-07-06 | 2026-02-26 | 2026-02-26 | 1 | 400.00 | 2025-10-15 | Book | |||||
| Filipiniana | High School Library | High School Library | Filipiniana | 2026-01-27 | Donated by Friend of SIr Anthony E. | 100.00 | D-175 | Fil 899.211 R528 2016 c.2 | HSD-175 | 2026-02-26 | 2 | 400.00 | 2026-01-27 | Book |